00650nam a2200181 i 450000100060000000300090000600500170001500700030003200800410003510000280007624500950010426000320019930000270023170000350025885200320029399900170032595201260034292247ES-MaACL20230906180927.0t|050224s1962 sp ||||1| spa d1 aLichnerowicz, A.97217710aElememtos de cálculo tensorial / cA. Lichnerowicz; traducción de Julio Porcel Moleon. aMadrid : bAguilar, c1962. aXVI, 268 p. ; c18 cm.1 aPorcel Moleón, Julio.993116 aES-MaACLjC-22099 bR.50731 c92247d92247 00104070aATENEOMbATENEOMcGaleríad2008-01-17eSCl0oC-22099p1096307r2023-02-23 00:00:00w2023-02-23yMONOGRAFIA